000 00640nam a2200205Ia 4500
003 GCL
008 140319s9999 xx 000 0 ara d
040 _aGCL /
_cGCL
082 0 4 _a412
_bس ا
100 1 _aابن السكيت : ابو يوسف يعقوب بن اسحاق
245 1 0 _aاصلاح المنطق /
_cابن السكيت : ابو يوسف يعقوب بن اسحاق
260 _a[S.N] :
_bدار المعارف ،
_c1949
300 _a517 ص
490 _a
650 0 4 _aالاشتقاق
650 0 4 _aاللغة العربية
650 0 4 _aالفاظ
650 0 4 _aالكلمات الدخيلة
942 _2ddc
_cBK
999 _c58610
_d58610